| 000 | 00704na a2200241 4500 | ||
|---|---|---|---|
| 001 | 13891 | ||
| 003 | MIRAKIL | ||
| 005 | 20181213155026.0 | ||
| 008 | 160827b tu 000 0 | ||
| 020 | _a9758295152 | ||
| 035 | _a13891 | ||
| 040 |
_aMilas _btur _cTR-AnCHP |
||
| 082 |
_aATA 923.156 _bY28b 2002 |
||
| 090 | _aATA 923.156 Y28b 2002 | ||
| 100 | _aYavaşlı, Aydoğan | ||
| 245 |
_aBen Mustafa Kemal _cAydoğan Yavaşlı |
||
| 250 | _a10.bs. | ||
| 260 |
_aİstanbul _bBulut yayınları _c2002 |
||
| 300 |
_a135 s. _bfotg. _c18 sm. |
||
| 600 |
_aAtatürk, Mustafa Kemal _xSiyasal ve sosyal görüşler |
||
| 600 |
_aAtatürk, Mustafa Kemal _d1881-1938 _xYaşamöyküsü |
||
| 942 |
_2ddc _cBKS |
||
| 999 |
_c5072 _d5072 |
||